[Event "POL-ch U14 Girls"]
[Site "Uniejow"]
[Date "2021.07.25"]
[Round "9"]
[White "Pniewska, Beata"]
[Black "Seemann, Pola"]
[Result "1-0"]
[WhiteElo "1400"]
[BlackElo "1607"]
[PlyCount "101"]
[EventDate "2021.07.18"]
[EventType "swiss"]
[EventRounds "9"]
[EventCountry "POL"]
[SourceTitle "EXT 2022"]
[Source "ChessBase"]
[SourceDate "2021.10.06"]
[SourceVersion "1"]
[SourceVersionDate "2021.10.06"]
[SourceQuality "1"]

1. c4 e6 2. g3 d5 3. Nf3 Nf6 4. d4 Bb4+ 5. Bd2 Bxd2+ 6. Nbxd2 0-0 7. Bg2 Nbd7 8. 0-0 Re8 9. Rc1 c6 10. e3 Qe7 11. Qb3 Rd8 12. Rfd1 e5 13. dxe5 Nxe5 14. Nxe5 Qxe5 15. Nf3 Qe7 16. cxd5 Nxd5 17. Nd4 Bg4 18. Rd2 Rd7 19. h3 Bh5 20. Nf5 Qg5 21. Bxd5 Qxf5 22. Be6 fxe6 23. Rxd7 Rf8 24. Rd2 Qxh3 25. Rd6 Re8 26. e4 Kh8 27. f4 e5 28. f5 g6 29. f6 Rf8 30. Rf1 Be2 31. Rf2 Bb5 32. Qf3 Qh6 33. f7 Qg7 34. Re6 c5 35. Re7 Bc6 36. Re6 Bd7 37. Rf6 Bc6 38. Qc3 Bxe4 39. Qxe5 Bc6 40. Qc3 a6 41. Rh2 Bd5 42. Qxc5 Rxf7 43. Rd6 Qf8 44. Qxd5 Rf1+ 45. Kg2 Rf2+ 46. Kh3 Qh6+ 47. Kg4 Qxh2 48. Qe5+ Kg8 49. Rd8+ Rf8 50. Qe6+ Kg7 51. Rd7+ 1-0